000 00556nam a2200193Ia 4500
005 20250508151127.0
008 008 250505s9999 xx 000 0 hin d
037 _aTextual
040 _aFEDL
_beng
_cFEDL
041 _ahin
_2eng
084 _a370.15, TRI
_qFEDL
100 _aTripathi Visambhar Nath
_9758468
245 0 _aShiksha-manovigyan ki rooprekha
260 _aLucknow, India
_bBal-Sahitya-Mandir
300 _a384p.
650 _aEducation - Psychology
_9755527
942 _cTEXL
_h370.15, TRI
999 _c1327750
_d1327750